[Event "Roncana op-A 12th"]
[Site "Santa Eulalia de Roncana"]
[Date "2018.11.10"]
[Round "6"]
[White "Barroso Lancharro, Oscar"]
[Black "Martinez Perez, Pablo"]
[Result "1/2-1/2"]
[WhiteElo "1761"]
[BlackElo "1953"]
[PlyCount "56"]
[EventDate "2018.09.29"]
[EventType "swiss"]
[EventRounds "8"]
[EventCountry "ESP"]
[SourceTitle "CBM 187 Extra"]
[Source "ChessBase"]
[SourceDate "2018.11.04"]
[SourceVersion "1"]
[SourceVersionDate "2018.11.04"]
[SourceQuality "1"]

1. c4 e5 2. Nc3 Nf6 3. Nf3 d6 4. g3 g6 5. Bg2 Bg7 6. d3 0-0 7. 0-0 h6 8. Rb1 Be6 9. b4 Qd7 10. Qc2 Bh3 11. Nd5 Bxg2 12. Nxf6+ Bxf6 13. Kxg2 Bg7 14. Ba3 Nc6 15. e4 f5 16. b5 fxe4 17. dxe4 Qg4 18. Qd3 Nd8 19. h3 Qe6 20. Rb3 Nf7 21. c5 Rfd8 22. cxd6 Nxd6 23. Bxd6 Rxd6 24. Qc2 a6 25. Rfb1 b6 26. a4 c5 27. a5 Rad8 28. axb6 Rxb6 1/2-1/2

[Event "Roncana op-A 12th"]
[Site "Santa Eulalia de Roncana"]
[Date "2018.11.03"]
[Round "5"]
[White "Martinez Perez, Pablo"]
[Black "Gonzalez Cobos, Arnau"]
[Result "1/2-1/2"]
[WhiteElo "1953"]
[BlackElo "1711"]
[PlyCount "57"]
[EventDate "2018.09.29"]
[EventType "swiss"]
[EventRounds "8"]
[EventCountry "ESP"]
[SourceTitle "CBM 187 Extra"]
[Source "ChessBase"]
[SourceDate "2018.11.04"]
[SourceVersion "1"]
[SourceVersionDate "2018.11.04"]
[SourceQuality "1"]

1. e4 c5 2. Nf3 a6 3. Nc3 e6 4. d4 cxd4 5. Nxd4 Qc7 6. Be2 Nc6 7. Be3 Nf6 8. 0-0 Be7 9. f4 d6 10. Bf3 0-0 11. a4 Nd7 12. Nb3 b6 13. Qd2 Bb7 14. Kh1 Rac8 15. g4 Nc5 16. Nxc5 bxc5 17. Bg2 Nb4 18. Ne2 Rfd8 19. c3 Nc6 20. b4 cxb4 21. cxb4 d5 22. b5 Nb4 23. Rfc1 Qa5 24. e5 axb5 25. Bc5 Bxc5 26. Rxc5 Nc6 27. Qxa5 Nxa5 28. Rxb5 Ba6 29. Rb2 1/2-1/2

[Event "Barbera del Valles op 41st"]
[Site "Barbera del Valles"]
[Date "2018.07.10"]
[Round "7"]
[White "Menac Comas, Joan Ramon"]
[Black "Martinez Perez, Pablo"]
[Result "1-0"]
[WhiteElo "2044"]
[BlackElo "1965"]
[PlyCount "83"]
[EventDate "2018.07.04"]
[EventType "swiss"]
[EventRounds "9"]
[EventCountry "ESP"]
[SourceTitle "CBM 185 Extra"]
[Source "ChessBase"]
[SourceDate "2018.07.29"]
[SourceVersion "1"]
[SourceVersionDate "2018.07.29"]
[SourceQuality "1"]

1. e4 e5 2. Nf3 d6 3. d4 exd4 4. Nxd4 Nf6 5. Nc3 Be7 6. g3 0-0 7. Bg2 c6 8. h3 d5 9. exd5 Bb4 10. 0-0 Bxc3 11. bxc3 Nxd5 12. Ba3 Re8 13. Qd3 Nd7 14. Nf3 Nf8 15. Rad1 Qf6 16. c4 Nb6 17. Bd6 Be6 18. Ne5 Nfd7 19. Nxd7 Bxd7 20. c5 Bf5 21. Qb3 Nd5 22. Qxb7 Nc3 23. Rde1 Nb5 24. Bxc6 Nxd6 25. cxd6 Red8 26. d7 g6 27. Re8+ Kg7 28. Qxa8 Rxa8 29. Rxa8 Bxd7 30. Bxd7 Qb6 31. Bg4 Qb7 32. Re8 h5 33. Be2 Qd7 34. Re3 Qa4 35. Rb3 Qxa2 36. Bd3 a5 37. Re1 a4 38. Rb7 Qd5 39. Ree7 h4 40. Rxf7+ Kh6 41. Rh7+ Kg5 42. Rb5 1-0

[Event "Barbera del Valles op 41st"]
[Site "Barbera del Valles"]
[Date "2018.07.07"]
[Round "4"]
[White "Martinez Perez, Pablo"]
[Black "Del Amo Carbo, Jordi"]
[Result "1/2-1/2"]
[WhiteElo "1965"]
[BlackElo "2196"]
[PlyCount "75"]
[EventDate "2018.07.04"]
[EventType "swiss"]
[EventRounds "9"]
[EventCountry "ESP"]
[SourceTitle "CBM 185 Extra"]
[Source "ChessBase"]
[SourceDate "2018.07.29"]
[SourceVersion "1"]
[SourceVersionDate "2018.07.29"]
[SourceQuality "1"]

1. e4 e5 2. Nf3 Nc6 3. Bb5 a6 4. Ba4 Nf6 5. 0-0 b5 6. Bb3 Bc5 7. c3 d6 8. d4 Bb6 9. a4 Rb8 10. a5 Ba7 11. h3 h6 12. Be3 Ra8 13. Nbd2 0-0 14. Re1 Bd7 15. Qc2 Re8 16. dxe5 Bxe3 17. Rxe3 Nxe5 18. Nxe5 dxe5 19. c4 b4 20. c5 Nh5 21. Rd1 Nf4 22. Nf3 Qc8 23. Ne1 Bb5 24. Bc4 Qb7 25. Nf3 Bxc4 26. Qxc4 Qb5 27. Qxb5 axb5 28. Ra1 Ne6 29. Nxe5 Nxc5 30. Nc6 Na6 31. f3 Re6 32. Rc1 Rd6 33. Rb3 Rd2 34. Ra1 Rc2 35. Nxb4 Nxb4 36. Rxb4 Rd8 37. Kh1 Rdd2 38. Rxb5 1/2-1/2

[Event "Llinars del Valles op-A 12th"]
[Site "Llinars del Valles"]
[Date "2018.06.09"]
[Round "8"]
[White "Romero Perera, Eugeni"]
[Black "Martinez Perez, Pablo"]
[Result "1-0"]
[WhiteElo "1978"]
[BlackElo "1965"]
[PlyCount "95"]
[EventDate "2018.04.14"]
[EventType "swiss"]
[EventRounds "8"]
[EventCountry "ESP"]
[SourceTitle "EXT 2019"]
[Source "ChessBase"]
[SourceDate "2018.10.10"]
[SourceVersion "1"]
[SourceVersionDate "2018.10.10"]
[SourceQuality "1"]

1. d4 Nf6 2. c4 e6 3. Nc3 Bb4 4. Bd2 c5 5. d5 0-0 6. g3 d6 7. Bg2 Bxc3 8. Bxc3 e5 9. e4 h6 10. Ne2 Bg4 11. f3 Bd7 12. a4 Qc8 13. g4 b6 14. Ng3 Na6 15. Qd2 Nc7 16. h4 Kh8 17. 0-0 Ng8 18. f4 f6 19. f5 Qd8 20. Bf3 a6 21. Qc2 b5 22. b3 bxc4 23. bxc4 a5 24. Qd2 Qc8 25. Bxa5 Ne8 26. Be2 Qa6 27. Bc3 Bxa4 28. Rfb1 Nc7 29. Rb2 Qc8 30. Rba2 Bd7 31. Rxa8 Nxa8 32. Qa2 Nb6 33. Qa7 Qb8 34. Qxb8 Rxb8 35. Rb1 Bc8 36. Ba5 Nd7 37. Rxb8 Nxb8 38. Bc7 Nd7 39. Bxd6 Ba6 40. Nf1 h5 41. g5 g6 42. fxg6 fxg5 43. hxg5 Kg7 44. Bxh5 Bxc4 45. Ne3 Ne7 46. Nxc4 Nxg6 47. Bxg6 Kxg6 48. Nxe5+ 1-0

[Event "Llinars del Valles op-A 12th"]
[Site "Llinars del Valles"]
[Date "2018.05.26"]
[Round "6"]
[White "Arias Prieto, Diana"]
[Black "Martinez Perez, Pablo"]
[Result "1/2-1/2"]
[WhiteElo "1707"]
[BlackElo "1965"]
[PlyCount "61"]
[EventDate "2018.04.14"]
[EventType "swiss"]
[EventRounds "8"]
[EventCountry "ESP"]
[SourceTitle "CBM 184 Extra"]
[Source "ChessBase"]
[SourceDate "2018.06.28"]
[SourceVersion "1"]
[SourceVersionDate "2018.06.28"]
[SourceQuality "1"]

1. e4 e5 2. Nf3 d6 3. c3 Nf6 4. d3 g6 5. Be2 Bg7 6. 0-0 0-0 7. h3 c6 8. Na3 Nbd7 9. Nc4 Qc7 10. Re1 b5 11. Ne3 a6 12. Qc2 Bb7 13. Bf1 d5 14. exd5 cxd5 15. c4 bxc4 16. dxc4 d4 17. Ng4 Nxg4 18. hxg4 e4 19. Ng5 d3 20. Qd1 Qxc4 21. Bf4 Rac8 22. Rc1 Qb4 23. Bd2 Qd4 24. Bc3 Qc4 25. Bxg7 Qxc1 26. Qxc1 Rxc1 27. Rxc1 d2 28. Rd1 Kxg7 29. Rxd2 Nf6 30. Rd6 h6 31. Rxf6 1/2-1/2

[Event "Llinars del Valles op-A 12th"]
[Site "Llinars del Valles"]
[Date "2018.04.14"]
[Round "1"]
[White "Aleksanyan, Radmila"]
[Black "Martinez Perez, Pablo"]
[Result "1/2-1/2"]
[WhiteElo "1686"]
[BlackElo "1965"]
[PlyCount "157"]
[EventDate "2018.04.14"]
[EventType "swiss"]
[EventRounds "8"]
[EventCountry "ESP"]
[SourceTitle "CBM 184 Extra"]
[Source "ChessBase"]
[SourceDate "2018.06.28"]
[SourceVersion "1"]
[SourceVersionDate "2018.06.28"]
[SourceQuality "1"]

1. e4 e5 2. Nf3 d6 3. c3 Nf6 4. d3 Be7 5. Be3 0-0 6. h3 d5 7. Nbd2 Nbd7 8. Qc2 c5 9. d4 cxd4 10. cxd4 Nxe4 11. Nxe4 dxe4 12. Qxe4 exd4 13. Qxd4 Bc5 14. Qd2 Bxe3 15. fxe3 Qe7 16. Bc4 Nf6 17. 0-0 Be6 18. Bxe6 Qxe6 19. Nd4 Qe7 20. Qe2 Rfe8 21. Rf3 Ne4 22. Raf1 f6 23. Rc1 Rac8 24. Rd1 Ng5 25. Rg3 Rc5 26. h4 Ne6 27. Qg4 Nxd4 28. Rxd4 Rc7 29. h5 Qe6 30. Qh4 Qf5 31. Rf4 Rc1+ 32. Kh2 Qb1 33. Rxg7+ Kh8 34. Qxf6 Rh1+ 35. Kg3 Qe1+ 36. Kg4 Qe2+ 37. Kf5 Qb5+ 38. Kg4 Qxh5+ 39. Kg3 Rxe3+ 40. Rf3 Rxf3+ 41. gxf3 Qh2+ 42. Kg4 Qh4+ 43. Kf5 Qxf6+ 44. Kxf6 Rf1 45. Rxb7 Rxf3+ 46. Kg5 a6 47. b4 Ra3 48. Kf6 Rf3+ 49. Kg5 Rd3 50. Kf6 Rd6+ 51. Kf7 h5 52. b5 a5 53. Rc7 Rb6 54. a4 h4 55. Rc2 Rb7+ 56. Kg6 Rg7+ 57. Kh5 h3 58. Rh2 Kg8 59. Rxh3 Kf7 60. b6 Ke6 61. Kh6 Rb7 62. Rg3 Kd7 63. Rg6 Kc8 64. Kg5 Rf7 65. Re6 Kb7 66. Kg4 Rf2 67. Re1 Kxb6 68. Re4 Kc5 69. Kg3 Rf1 70. Kg2 Rf7 71. Rh4 Rb7 72. Rh5+ Kb4 73. Rh4+ Kb3 74. Kf2 Rb4 75. Rxb4+ Kxb4 76. Ke2 Kxa4 77. Kd2 Kb3 78. Kc1 a4 79. Kb1 1/2-1/2

[Event "Roncana op 11th"]
[Site "Santa Eulalia de Roncana"]
[Date "2017.11.11"]
[Round "7"]
[White "Cordomi Fons, Francesco"]
[Black "Martinez Perez, Pablo"]
[Result "1-0"]
[WhiteElo "1846"]
[BlackElo "1960"]
[PlyCount "37"]
[EventDate "2017.09.23"]
[EventType "swiss"]
[EventRounds "8"]
[EventCountry "ESP"]
[SourceTitle "CBM 187 Extra"]
[Source "ChessBase"]
[SourceDate "2018.11.04"]
[SourceVersion "1"]
[SourceVersionDate "2018.11.04"]
[SourceQuality "1"]

1. d4 d5 2. Bg5 Bf5 3. e3 Nf6 4. Nd2 c5 5. Ngf3 e6 6. Be2 Nc6 7. c3 h6 8. Bxf6 Qxf6 9. Qb3 Rb8 10. Bb5 Qd8 11. Ne5 Bd6 12. Qa4 Bxe5 13. Bxc6+ bxc6 14. Qxc6+ Qd7 15. Qxd7+ Kxd7 16. dxe5 Rxb2 17. e4 Bxe4 18. Nxe4 dxe4 19. 0-0-0+ 1-0

[Event "Roncana op 11th"]
[Site "Santa Eulalia de Roncana"]
[Date "2017.11.04"]
[Round "6"]
[White "Martinez Perez, Pablo"]
[Black "Rojano Alfonso, Carlos"]
[Result "0-1"]
[WhiteElo "1960"]
[BlackElo "2182"]
[PlyCount "112"]
[EventDate "2017.09.23"]
[EventType "swiss"]
[EventRounds "8"]
[EventCountry "ESP"]
[SourceTitle "CBM 187 Extra"]
[Source "ChessBase"]
[SourceDate "2018.11.04"]
[SourceVersion "1"]
[SourceVersionDate "2018.11.04"]
[SourceQuality "1"]

1. e4 d5 2. exd5 Qxd5 3. Nc3 Qd6 4. d4 Nf6 5. Nf3 Bg4 6. h3 Bh5 7. g4 Bg6 8. Ne5 c6 9. a3 Nd5 10. Nxd5 Qxd5 11. f3 f6 12. Bc4 Qd6 13. Nxg6 Qg3+ 14. Ke2 hxg6 15. Qf1 e5 16. dxe5 Qxe5+ 17. Be3 Qxb2 18. Bd3 f5 19. gxf5 gxf5 20. Qg1 Qf6 21. Bd4 Qf7 22. Kd2 Rh5 23. Bxa7 Nd7 24. Bb6 Bxa3 25. Qd4 f4 26. Rxa3 Rxa3 27. Qd6 Rxd3+ 28. cxd3 Qa2+ 29. Kc3 Re5 30. Rg1 Re2 31. Qg6+ Qf7 32. Bd4 Qxg6 33. Rxg6 Rh2 34. Rg4 g5 35. Rxg5 Rxh3 36. Rg8+ Ke7 37. Rg7+ Ke6 38. Rg6+ Kf5 39. Rg7 Ne5 40. Rxb7 Rxf3 41. Bxe5 Kxe5 42. Kc4 Rf1 43. Rf7 Rg1 44. Rf8 Rg6 45. Re8+ Kf5 46. d4 f3 47. Kd3 Kg4 48. Ke3 Kg3 49. Rf8 Re6+ 50. Kd2 Kf2 51. Rf7 Rd6 52. Kc3 Ke2 53. Re7+ Kf1 54. Rf7 f2 55. Kc4 Rg6 56. Kc5 Kg1 0-1

[Event "Roncana op 11th"]
[Site "Santa Eulalia de Roncana"]
[Date "2017.10.21"]
[Round "4"]
[White "Porras Mateo, Felipe"]
[Black "Martinez Perez, Pablo"]
[Result "1-0"]
[WhiteElo "2331"]
[BlackElo "1960"]
[PlyCount "53"]
[EventDate "2017.09.23"]
[EventType "swiss"]
[EventRounds "8"]
[EventCountry "ESP"]
[SourceTitle "CBM 187 Extra"]
[Source "ChessBase"]
[SourceDate "2018.11.04"]
[SourceVersion "1"]
[SourceVersionDate "2018.11.04"]
[SourceQuality "1"]

1. d4 d5 2. c4 dxc4 3. Nf3 Nf6 4. e3 e6 5. Bxc4 a6 6. a4 Be7 7. 0-0 b6 8. Nc3 Bb7 9. Qe2 Nc6 10. Rd1 Ra7 11. e4 Nb4 12. Bf4 0-0 13. Rac1 Re8 14. h3 Bc6 15. Ne5 Bb7 16. Nf3 Bc6 17. Re1 Qa8 18. Rcd1 h6 19. Ne5 Bb7 20. Ng4 Kh7 21. Nxf6+ Bxf6 22. Bxc7 Bxe4 23. Nxe4 Rxc7 24. d5 Rec8 25. Nxf6+ gxf6 26. Bd3+ f5 27. dxe6 1-0

[Event "Barbera del Valles op 40th"]
[Site "Barbera del Valles"]
[Date "2017.07.11"]
[Round "8"]
[White "Martinez Perez, Pablo"]
[Black "Del Amo Carbo, Jordi"]
[Result "1/2-1/2"]
[WhiteElo "1900"]
[BlackElo "2091"]
[PlyCount "49"]
[EventDate "2017.07.04"]
[EventType "swiss"]
[EventRounds "9"]
[EventCountry "ESP"]
[SourceTitle "EXT 2018"]
[Source "ChessBase"]
[SourceDate "2017.10.13"]
[SourceVersion "1"]
[SourceVersionDate "2017.10.13"]
[SourceQuality "1"]

1. e4 e5 2. Nf3 Nc6 3. Bb5 a6 4. Ba4 Nf6 5. Bxc6 dxc6 6. d3 Bd6 7. Nbd2 c5 8. b3 Nd7 9. 0-0 Nb8 10. Nc4 Nc6 11. a4 0-0 12. h3 Re8 13. Nh2 Be6 14. Be3 Nd4 15. Qd2 Qd7 16. Kh1 Rad8 17. f4 exf4 18. Bxf4 Bxf4 19. Rxf4 b5 20. Na5 Rb8 21. Rf2 Nc6 22. axb5 axb5 23. Nxc6 Qxc6 24. Nf3 Rbd8 25. Qc3 1/2-1/2

[Event "Barbera del Valles op 40th"]
[Site "Barbera del Valles"]
[Date "2017.07.04"]
[Round "1"]
[White "Vantika, Agrawal"]
[Black "Martinez Perez, Pablo"]
[Result "1-0"]
[WhiteElo "2230"]
[BlackElo "1900"]
[PlyCount "87"]
[EventDate "2017.07.04"]
[EventType "swiss"]
[EventRounds "9"]
[EventCountry "ESP"]
[SourceTitle "EXT 2018"]
[Source "ChessBase"]
[SourceDate "2017.10.13"]
[SourceVersion "1"]
[SourceVersionDate "2017.10.13"]
[SourceQuality "1"]

1. d4 Nf6 2. Nf3 g6 3. g3 Bg7 4. Bg2 0-0 5. 0-0 d6 6. c4 Nc6 7. Nc3 e5 8. d5 Nb8 9. e4 a5 10. Ne1 Na6 11. Nd3 Nd7 12. Kh1 Nac5 13. Nxc5 Nxc5 14. Be3 b6 15. Qd2 Ba6 16. b3 Bc8 17. Rae1 Bd7 18. f4 f5 19. fxe5 Bxe5 20. Bd4 Qf6 21. Bxe5 dxe5 22. exf5 gxf5 23. Rf2 Rae8 24. Ref1 Qg6 25. Nd1 e4 26. Ne3 Nd3 27. Re2 Rd8 28. Nc2 c6 29. Nd4 cxd5 30. cxd5 Ne5 31. Qf4 Nd3 32. Qc7 Nc5 33. Nc6 Bxc6 34. dxc6 Rb8 35. Qe5 Rbe8 36. Qc7 Rb8 37. Rd2 Nd3 38. Qe7 Rfe8 39. c7 Rbc8 40. Qd7 Rf8 41. Bxe4 Nc5 42. Qd5+ Qf7 43. Qxf7+ Rxf7 44. Bd5 1-0

[Event "Llinars del Valles op 11th"]
[Site "Llinars del Valles"]
[Date "2017.05.06"]
[Round "3"]
[White "Martinez Perez, Pablo"]
[Black "Ruiz Planas, Adelito"]
[Result "1-0"]
[WhiteElo "1900"]
[BlackElo "1765"]
[PlyCount "45"]
[EventDate "2017.04.22"]
[EventType "swiss"]
[EventRounds "9"]
[EventCountry "CAT"]
[SourceTitle "EXT 2018"]
[Source "ChessBase"]
[SourceDate "2017.10.13"]
[SourceVersion "1"]
[SourceVersionDate "2017.10.13"]
[SourceQuality "1"]

1. e4 e6 2. d4 d5 3. Nc3 Nf6 4. e5 Nfd7 5. Nf3 c5 6. Be3 Nc6 7. Be2 cxd4 8. Bxd4 Nxd4 9. Qxd4 a6 10. 0-0-0 Bc5 11. Qg4 0-0 12. Qg3 b5 13. Bd3 f5 14. exf6 Nxf6 15. Qh4 h6 16. g4 Bd6 17. Kb1 Nh7 18. g5 Rxf3 19. Bxh7+ Kh8 20. Rhg1 Rf4 21. Qh5 Kxh7 22. gxh6 Rh4 23. Qg6+ 1-0

[Event "Roncana op-A 10th"]
[Site "Santa Eulalia de Roncana"]
[Date "2016.09.24"]
[Round "1"]
[White "Arias Prieto, Diana"]
[Black "Martinez Perez, Pablo"]
[Result "0-1"]
[WhiteElo "1557"]
[BlackElo "1854"]
[PlyCount "62"]
[EventDate "2016.09.24"]
[EventType "swiss"]
[EventRounds "8"]
[EventCountry "ESP"]
[SourceTitle "EXT 2018"]
[Source "ChessBase"]
[SourceDate "2017.10.13"]
[SourceVersion "1"]
[SourceVersionDate "2017.10.13"]
[SourceQuality "1"]

1. e4 c5 2. Nc3 g6 3. f4 Bg7 4. Nf3 Nc6 5. g3 e6 6. Bg2 Nge7 7. 0-0 0-0 8. f5 exf5 9. d3 d5 10. Bg5 dxe4 11. Bxe7 Nxe7 12. dxe4 fxe4 13. Nxe4 Qb6 14. Rb1 Nf5 15. Re1 c4+ 16. Kh1 Ne3 17. Qe2 Nxg2 18. Kxg2 Be6 19. Ned2 Qc6 20. Rf1 Rfe8 21. Qf2 Rad8 22. Kg1 c3 23. Nb3 Bxb3 24. cxb3 cxb2 25. a4 Qb6 26. Qxb6 axb6 27. Ne1 Re3 28. Rf3 Rxf3 29. Nxf3 Rc8 30. Kf2 Rc1 31. Nd2 Rc2 0-1

[Event "Badalona op-B 42nd"]
[Site "Badalona"]
[Date "2016.08.10"]
[Round "9"]
[White "Colom Andres, Xavier"]
[Black "Martinez Perez, Pablo"]
[Result "0-1"]
[WhiteElo "1790"]
[BlackElo "1799"]
[PlyCount "78"]
[EventDate "2016.08.02"]
[EventType "swiss"]
[EventRounds "9"]
[EventCountry "ESP"]
[SourceTitle "CBM 174 Extra"]
[Source "ChessBase"]
[SourceDate "2016.10.10"]
[SourceVersion "1"]
[SourceVersionDate "2016.10.10"]
[SourceQuality "1"]

1. d4 Nf6 2. Nf3 e6 3. c4 Bb4+ 4. Nbd2 0-0 5. a3 Be7 6. g3 d6 7. Bg2 c5 8. 0-0 Qc7 9. dxc5 dxc5 10. Qc2 Nc6 11. Ne4 Nxe4 12. Qxe4 f5 13. Qc2 e5 14. e3 Bf6 15. Bd2 e4 16. Ne1 Be6 17. Rb1 Rad8 18. f4 Rd7 19. b3 Rfd8 20. Rf2 h5 21. Bc3 Bxc3 22. Qxc3 Rd1 23. Rfb2 R8d3 24. Qc2 Qd8 25. Rxd1 Rxd1 26. Kf2 h4 27. Bf1 Rd7 28. Ng2 hxg3+ 29. hxg3 Qf6 30. Rb1 Qd8 31. Ke1 Qa5+ 32. Ke2 Qxa3 33. Qb2 Qb4 34. Rd1 Bxc4+ 35. Kf2 Rxd1 36. Bxc4+ Kf8 37. Be2 Qd2 38. Qa3 Rc1 39. Qa4 Rc2 0-1

[Event "Badalona op-B 42nd"]
[Site "Badalona"]
[Date "2016.08.08"]
[Round "7"]
[White "Petit Montes, Marc"]
[Black "Martinez Perez, Pablo"]
[Result "1-0"]
[WhiteElo "1770"]
[BlackElo "1799"]
[PlyCount "75"]
[EventDate "2016.08.02"]
[EventType "swiss"]
[EventRounds "9"]
[EventCountry "ESP"]
[SourceTitle "CBM 174 Extra"]
[Source "ChessBase"]
[SourceDate "2016.10.10"]
[SourceVersion "1"]
[SourceVersionDate "2016.10.10"]
[SourceQuality "1"]

1. d4 Nf6 2. Bg5 e6 3. e4 h6 4. Bxf6 Qxf6 5. c3 d6 6. Bd3 e5 7. Ne2 g6 8. 0-0 Bg7 9. f4 exd4 10. cxd4 Bg4 11. Qa4+ Nd7 12. Nbc3 0-0 13. e5 dxe5 14. fxe5 Qg5 15. Nf4 Nb6 16. Qb3 Rad8 17. Ne4 Be6 18. Nxe6 Qe3+ 19. Kh1 fxe6 20. Qxe6+ Kh8 21. Nc5 Rxf1+ 22. Rxf1 Rf8 23. Qxg6 Rxf1+ 24. Bxf1 Qc1 25. Qe8+ Kh7 26. Qb5 Nd5 27. Qd3+ Kh8 28. Nb3 Qxb2 29. h3 Qxa2 30. Qf3 a5 31. Qxd5 Qb1 32. Nd2 Qa1 33. Kh2 Qc3 34. Bc4 Kh7 35. Qg8+ Kg6 36. Bf7+ Kf5 37. Qh7+ Kf4 38. Qe4+ 1-0

[Event "Badalona op-B 42nd"]
[Site "Badalona"]
[Date "2016.08.07"]
[Round "6"]
[White "Martinez Perez, Pablo"]
[Black "Delgado Camara, Lluis Felix"]
[Result "1-0"]
[WhiteElo "1799"]
[BlackElo "1792"]
[PlyCount "56"]
[EventDate "2016.08.02"]
[EventType "swiss"]
[EventRounds "9"]
[EventCountry "ESP"]
[SourceTitle "CBM 174 Extra"]
[Source "ChessBase"]
[SourceDate "2016.10.10"]
[SourceVersion "1"]
[SourceVersionDate "2016.10.10"]
[SourceQuality "1"]

1. e4 e6 2. d4 d5 3. Nd2 Nf6 4. e5 Nfd7 5. f4 c5 6. Ngf3 Nc6 7. Nb3 cxd4 8. Nbxd4 Nc5 9. c3 Be7 10. Be2 0-0 11. 0-0 f6 12. exf6 Bxf6 13. Re1 Ne4 14. Bd3 Nc5 15. Bc2 a5 16. a4 g6 17. Be3 Ne4 18. Nxc6 bxc6 19. Ne5 Qc7 20. Bxe4 dxe4 21. Qd4 Rb8 22. b4 Rd8 23. Qxe4 Rd5 24. Bc5 axb4 25. cxb4 Ba6 26. Rad1 Rbd8 27. Rxd5 Rxd5 28. Nxg6 Qf7 1-0

[Event "Badalona op-B 42nd"]
[Site "Badalona"]
[Date "2016.08.05"]
[Round "4"]
[White "Martinez Perez, Pablo"]
[Black "Fungueirino Pique, Daniel"]
[Result "1-0"]
[WhiteElo "1799"]
[BlackElo "1649"]
[PlyCount "89"]
[EventDate "2016.08.02"]
[EventType "swiss"]
[EventRounds "9"]
[EventCountry "ESP"]
[SourceTitle "CBM 174 Extra"]
[Source "ChessBase"]
[SourceDate "2016.10.10"]
[SourceVersion "1"]
[SourceVersionDate "2016.10.10"]
[SourceQuality "1"]

1. e4 e6 2. d4 d5 3. Nc3 Bb4 4. Nge2 dxe4 5. a3 Bxc3+ 6. Nxc3 Nc6 7. Bb5 a6 8. Bxc6+ bxc6 9. 0-0 Qf6 10. Re1 Ne7 11. Nxe4 Qg6 12. Qf3 0-0 13. Qg3 e5 14. Qxg6 Nxg6 15. dxe5 Be6 16. Nc5 Bd5 17. g3 Rfe8 18. f4 Rad8 19. Nxa6 Rd7 20. Nb4 Ne7 21. Nxd5 cxd5 22. Bd2 Nc6 23. Kf2 Nd4 24. Rac1 c5 25. Be3 Ne6 26. f5 d4 27. Bf4 Nd8 28. Re2 Rd5 29. g4 c4 30. Rd1 Nc6 31. c3 d3 32. Re4 Nxe5 33. Bxe5 f6 34. Rxc4 Rdxe5 35. Rxd3 Re2+ 36. Kg3 Rxb2 37. Rcd4 h6 38. Rd8 Kf8 39. Rxe8+ Kxe8 40. a4 Ra2 41. Rd4 Ra3 42. Rc4 Kd7 43. Kh4 Ra2 44. h3 Kd6 45. Kh5 1-0

[Event "Llinars del Valles op-A 10th"]
[Site "Llinars del Valles"]
[Date "2016.04.09"]
[Round "2"]
[White "Martinez Perez, Pablo"]
[Black "Lampurlanes Farre, Isaac"]
[Result "1-0"]
[WhiteElo "1832"]
[BlackElo "1728"]
[PlyCount "97"]
[EventDate "2016.04.02"]
[EventType "swiss"]
[EventRounds "9"]
[EventCountry "ESP"]
[SourceTitle "CBM 172 Extra"]
[Source "ChessBase"]
[SourceDate "2016.06.21"]
[SourceVersion "1"]
[SourceVersionDate "2016.06.21"]
[SourceQuality "1"]

1. e4 c5 2. Nf3 d6 3. d4 cxd4 4. Nxd4 Nf6 5. Nc3 a6 6. f3 e5 7. Nb3 Be6 8. Be3 Be7 9. Nd5 Nbd7 10. Qd2 Bxd5 11. exd5 Nb6 12. c4 Rc8 13. Rc1 Nfd7 14. Bd3 Bh4+ 15. g3 Be7 16. 0-0 0-0 17. f4 Re8 18. Qf2 Na4 19. Bf5 Bf6 20. fxe5 Nxe5 21. Nd2 Nxb2 22. Ne4 Nbd3 23. Nxf6+ Qxf6 24. Qd2 Qe7 25. Rc3 Rxc4 26. Bg5 Qc7 27. Rxd3 Nxd3 28. Bxd3 Qb6+ 29. Kg2 Rb4 30. Rf2 Qd4 31. Kh3 Qb6 32. Re2 Rc8 33. Qc2 Rf8 34. Bxh7+ Kh8 35. Bf4 Qg1 36. Be4 Qf1+ 37. Bg2 Qb1 38. Bf3 Qf1+ 39. Bg2 Qb1 40. Qxb1 Rxb1 41. Bg5 Rd1 42. Re4 Rd3 43. Rh4+ Kg8 44. Be4 Ra3 45. Be7 f5 46. Bxf8 Kxf8 47. Bxf5 Rxa2 48. Re4 Rd2 49. Bg6 1-0

[Event "Barcelona-Palma de Mallorca Cruise 4th"]
[Site "Barcelona"]
[Date "2015.10.26"]
[Round "5"]
[White "Martinez Perez, Pablo"]
[Black "Orti Boix, Miguel"]
[Result "1-0"]
[WhiteElo "1797"]
[BlackElo "1713"]
[PlyCount "77"]
[EventDate "2015.10.23"]
[EventType "swiss"]
[EventRounds "8"]
[EventCountry "ESP"]
[SourceTitle "CBM 169 Extra"]
[Source "ChessBase"]
[SourceDate "2015.12.18"]
[SourceVersion "1"]
[SourceVersionDate "2015.12.18"]
[SourceQuality "1"]

1. e4 g6 2. d4 Bg7 3. Nc3 d6 4. Bg5 Nf6 5. e5 dxe5 6. dxe5 Qxd1+ 7. Rxd1 Ng8 8. Nf3 c6 9. Bc4 Bg4 10. Rd3 Bf5 11. Rd2 Nd7 12. Bf4 h6 13. 0-0 g5 14. Bg3 Nb6 15. Bb3 e6 16. Rfd1 Ne7 17. h4 Bg4 18. hxg5 hxg5 19. Ne4 0-0 20. Nexg5 Bh6 21. Rd4 Bf5 22. Ne4 Bxe4 23. Rxe4 Rad8 24. Red4 Rxd4 25. Rxd4 Nf5 26. Rg4+ Bg7 27. Bf4 Nd5 28. Bg5 Nde7 29. Bf6 Ng6 30. Bxe6 fxe6 31. Rxg6 Kh7 32. Bxg7 Nxg7 33. Rg4 Kh6 34. Nd4 Re8 35. Rf4 Kh5 36. Rf6 Nf5 37. Nxf5 exf5 38. Rxf5+ Kg6 39. g4 1-0

[Event "Llinars del Valles op-A 9th"]
[Site "Llinars del Valles"]
[Date "2015.06.13"]
[Round "9"]
[White "Martinez Perez, Pablo"]
[Black "Lafuente Calvillo, Andrea"]
[Result "1/2-1/2"]
[WhiteElo "1810"]
[BlackElo "1833"]
[PlyCount "108"]
[EventDate "2015.04.11"]
[EventType "swiss"]
[EventRounds "9"]
[EventCountry "ESP"]
[SourceTitle "EXT 2018"]
[Source "ChessBase"]
[SourceDate "2017.10.13"]
[SourceVersion "1"]
[SourceVersionDate "2017.10.13"]
[SourceQuality "1"]

1. e4 c5 2. Nf3 Nc6 3. Bb5 g6 4. 0-0 Bg7 5. Re1 Nf6 6. e5 Nd5 7. Bxc6 dxc6 8. c4 Nc7 9. Nc3 Ne6 10. d3 Nd4 11. h3 0-0 12. Bf4 Bf5 13. Ne4 b6 14. g4 Bc8 15. Rc1 Qd7 16. Nxd4 Qxd4 17. Qd2 Bxe5 18. Bxe5 Qxe5 19. Qh6 Qg7 20. Qg5 f6 21. Qe3 h6 22. Qg3 f5 23. Nc3 fxg4 24. hxg4 Qf6 25. Rc2 Qf4 26. Qxf4 Rxf4 27. Rxe7 Bxg4 28. Ne2 Rf7 29. Re5 Rd8 30. Rd2 Rfd7 31. Nf4 Kf7 32. Re3 Rd4 33. Ne2 R4d7 34. Nf4 g5 35. Ne2 Re7 36. Ng3 Rxe3 37. fxe3 Be6 38. Ne4 Kg7 39. Kg2 Bf5 40. Nf2 Kg6 41. a3 h5 42. b4 cxb4 43. axb4 g4 44. e4 Be6 45. Ra2 Rd7 46. Ra1 h4 47. Rh1 Kg5 48. e5 Bf5 49. Re1 Bxd3 50. e6 Rd8 51. e7 Re8 52. Nxd3 Kf6 53. Nf4 Kf5 54. Nd3 Kf6 1/2-1/2